<?xml version="1.0" encoding="UTF-8"?>
<record
    xmlns:xsi="http://www.w3.org/2001/XMLSchema-instance"
    xsi:schemaLocation="http://www.loc.gov/MARC21/slim http://www.loc.gov/standards/marcxml/schema/MARC21slim.xsd"
    xmlns="http://www.loc.gov/MARC21/slim">

  <leader>00375nam a2200145Ia 4500</leader>
  <controlfield tag="008">150201s1997    xx            000 0 und d</controlfield>
  <datafield tag="082" ind1=" " ind2=" ">
    <subfield code="a">611.018</subfield>
    <subfield code="b">H1997S</subfield>
  </datafield>
  <datafield tag="100" ind1=" " ind2=" ">
    <subfield code="a">SINGH</subfield>
  </datafield>
  <datafield tag="245" ind1=" " ind2=" ">
    <subfield code="a">TEXTBOOK OF HUMAN HISTOLOGY WITH COLOUR ATLAS</subfield>
  </datafield>
  <datafield tag="250" ind1=" " ind2=" ">
    <subfield code="a">13TH</subfield>
  </datafield>
  <datafield tag="260" ind1=" " ind2=" ">
    <subfield code="b">JAYPEE MEDICAL PUBLISHER</subfield>
    <subfield code="a">DELHI</subfield>
    <subfield code="c">1997</subfield>
  </datafield>
  <datafield tag="300" ind1=" " ind2=" ">
    <subfield code="a">1-349</subfield>
  </datafield>
  <datafield tag="650" ind1=" " ind2=" ">
    <subfield code="a">HUMAN HISTOLOGY</subfield>
  </datafield>
  <datafield tag="942" ind1=" " ind2=" ">
    <subfield code="2">ddc</subfield>
    <subfield code="c">BK</subfield>
  </datafield>
  <datafield tag="952" ind1=" " ind2=" ">
    <subfield code="0">0</subfield>
    <subfield code="1">0</subfield>
    <subfield code="2">ddc</subfield>
    <subfield code="4">0</subfield>
    <subfield code="7">0</subfield>
    <subfield code="a">FD</subfield>
    <subfield code="b">FD</subfield>
    <subfield code="d">2002-04-10</subfield>
    <subfield code="e">U.B.S.DELHI</subfield>
    <subfield code="g">225.00</subfield>
    <subfield code="h">1</subfield>
    <subfield code="i">SGTU</subfield>
    <subfield code="l">5</subfield>
    <subfield code="o">611.018 H1997S</subfield>
    <subfield code="p">FD293</subfield>
    <subfield code="r">2019-11-05 00:00:00</subfield>
    <subfield code="s">2019-10-22</subfield>
    <subfield code="w">2012-01-24</subfield>
    <subfield code="y">BK</subfield>
    <subfield code="k">45</subfield>
  </datafield>
  <datafield tag="952" ind1=" " ind2=" ">
    <subfield code="0">0</subfield>
    <subfield code="1">0</subfield>
    <subfield code="2">ddc</subfield>
    <subfield code="4">0</subfield>
    <subfield code="7">0</subfield>
    <subfield code="a">FD</subfield>
    <subfield code="b">FD</subfield>
    <subfield code="d">2002-04-10</subfield>
    <subfield code="e">U.B.S.DELHI</subfield>
    <subfield code="g">225.00</subfield>
    <subfield code="h">1</subfield>
    <subfield code="i">SGTU</subfield>
    <subfield code="l">4</subfield>
    <subfield code="o">611.018 H1997S</subfield>
    <subfield code="p">FD294</subfield>
    <subfield code="r">2020-02-06 00:00:00</subfield>
    <subfield code="s">2020-01-28</subfield>
    <subfield code="w">2012-01-24</subfield>
    <subfield code="y">BK</subfield>
    <subfield code="k">45</subfield>
  </datafield>
  <datafield tag="952" ind1=" " ind2=" ">
    <subfield code="0">0</subfield>
    <subfield code="1">0</subfield>
    <subfield code="2">ddc</subfield>
    <subfield code="4">0</subfield>
    <subfield code="7">0</subfield>
    <subfield code="a">FD</subfield>
    <subfield code="b">FD</subfield>
    <subfield code="d">2002-04-10</subfield>
    <subfield code="e">U.B.S.DELHI</subfield>
    <subfield code="g">225.00</subfield>
    <subfield code="h">1</subfield>
    <subfield code="i">SGTU</subfield>
    <subfield code="l">4</subfield>
    <subfield code="o">611.018 H1997S</subfield>
    <subfield code="p">FD295</subfield>
    <subfield code="r">2019-11-05 00:00:00</subfield>
    <subfield code="s">2019-11-01</subfield>
    <subfield code="w">2012-01-24</subfield>
    <subfield code="y">BK</subfield>
    <subfield code="k">45</subfield>
  </datafield>
  <datafield tag="999" ind1=" " ind2=" ">
    <subfield code="c">2504</subfield>
    <subfield code="d">2504</subfield>
  </datafield>
</record>
